|
|
|
|
| LEADER |
00000nam2a2200000 4500 |
| 001 |
241787 |
| 005 |
20231101231837.0 |
| 010 |
|
|
|a 9785985890433
|
| 035 |
|
|
|a (RuTPU)RU\TPU\book\263076
|
| 035 |
|
|
|a RU\TPU\book\7257
|
| 035 |
|
|
|a RU\TPU\book\263073
|
| 090 |
|
|
|a 241787
|
| 100 |
|
|
|a 20130820d2011 k y0rusy50 ca
|
| 101 |
0 |
|
|a rus
|
| 102 |
|
|
|a RU
|
| 105 |
|
|
|a a z 001zy
|
| 200 |
0 |
|
|a Т. 3: Имплантаты с памятью формы в хирургии позвоночника
|f Новосибирский научно-исследовательский институт травматологии и ортопедии (ННИИТО) ; Новокузнецкий государственный институт усовершенствования врачей (НГИУВ)
|
| 210 |
|
|
|d 2011
|
| 215 |
|
|
|a 373 с.
|
| 320 |
|
|
|a Библиогр.: с. 348-373.
|
| 330 |
|
|
|a Монография представляет 3-й том руководства «Медицинские материалы и имплантаты с памятью формы» и посвящена результатам разработки нового поколения имплантатов и новых медицинских технологий хирургического лечения повреждений и заболеваний позвоночника. В книге выделены ортопедические и нейрохирургические аспекты лечения патологии позвоночника и спинного мозга, обобщающие передовой опыт медицинских научно-практических центров. Прослежены направления применения в клинике монолитных и пористо-проницаемых имплантатов с памятью формы от первых образцов до современных конструкций, соответствующих международным стандартам. Изложены фундаментальные и прикладные проблемы разработки длительно функционирующих эндопротезов анатомических структур позвоночника. В конце книги приведен список публикаций и статей по теме применения имплантатов с памятью формы и основных патентов по разделу вертебрология.
|
| 461 |
|
1 |
|0 (RuTPU)RU\TPU\book\261032
|y 978-5-98589-036-5
|t Медицинские материалы и имплантаты с памятью формы
|o в 14 т.
|f Томский государственный университет (ТГУ), Сибирский физико-технический институт им. В. Д. Кузнецова (СФТИ), НИИ Медицинских материалов и имплантатов с памятью формы (НИИММ) ; под ред. В. Э. Гюнтера
|v Т. 3: Имплантаты с памятью формы в хирургии позвоночника
|d 2009-2013
|
| 606 |
1 |
|
|a Имплантаты
|2 stltpush
|3 (RuTPU)RU\TPU\subj\71629
|9 85445
|
| 610 |
1 |
|
|a хирургия
|
| 610 |
1 |
|
|a организм человека
|
| 610 |
1 |
|
|a позвоночник
|
| 610 |
1 |
|
|a пористо-проницаемые имплантаты
|
| 610 |
1 |
|
|a никелид титана
|
| 610 |
1 |
|
|a никелид-титановые имплантаты
|
| 610 |
1 |
|
|a применение
|
| 610 |
1 |
|
|a травмы
|
| 610 |
1 |
|
|a спинной мозг
|
| 610 |
1 |
|
|a остеохондроз
|
| 610 |
1 |
|
|a спондилолистезы
|
| 610 |
1 |
|
|a опухоли
|
| 610 |
1 |
|
|a воспалительные процессы
|
| 610 |
1 |
|
|a ортопедическое лечение
|
| 675 |
|
|
|a 615.4
|v 3
|
| 712 |
0 |
2 |
|a Новосибирский научно-исследовательский институт травматологии и ортопедии (ННИИТО)
|2 stltpush
|3 (RuTPU)RU\TPU\col\18918
|
| 712 |
0 |
2 |
|a Новокузнецкий государственный институт усовершенствования врачей (НГИУВ)
|2 stltpush
|3 (RuTPU)RU\TPU\col\18916
|
| 801 |
|
0 |
|a RU
|b 63413507
|c 20011209
|g PSBO
|
| 801 |
|
2 |
|a RU
|b 63413507
|c 20130902
|g PSBO
|
| 942 |
|
|
|c BK
|